| 000 | 00569nam a22001937a 4500 | ||
|---|---|---|---|
| 003 | OSt | ||
| 005 | 20140310182435.0 | ||
| 008 | 130220t xxu||||| |||| 00| 0 eng d | ||
| 020 | _a8123915852 | ||
| 050 |
_aRS 421 _b.J52 2008 |
||
| 100 |
_aJenkins, Glenn L. _97776 |
||
| 245 |
_aQuantitative pharmaceutical chemistry / _cGlenn L. Jenkins, Adelbert M. Knevel, Frank E. DiGangi |
||
| 250 | _a6th ed. | ||
| 260 |
_aIndia : _bCBS Publishers and Distributors, _c2008. |
||
| 300 |
_a518 p. : _c22 cm. _bill. ; |
||
| 541 | _j1 | ||
| 562 | _e1 | ||
| 942 |
_2lcc _cSSLC |
||
| 999 |
_c13423 _d13423 |
||